000 00840nam a2200277Ia 4500
003 OSt
005 20221006153550.0
006 a|||||r|||| 00| 0
007 ta
008 221006b |||||||| |||| 00| 0 eng d
020 _a0700704639
_cW 51,350
024 _a32,707
037 _bGift, 18/10/2007, Korean Embassy
_cTextual
040 _aEASL
_cEASL
_beng
041 _2eng
_aeng
082 _aV495k, N9
100 _aPratt Keith Au.
_9664423
245 0 _aKorea
_b A historical and cultureal dictionary
260 _aLondon
_bCurzon Press
_c1999
300 _a568p.
_ccm.
490 _v KEL
650 _aHistorical dictionary
_9664424
700 _a Rutt Richard Au.
_9664425
942 _hV495k, N9
_cTEXL
_2CC
999 _c1100793
_d1100793